| Tag |
First Indicator |
Second Indicator |
Subfields |
| LEADER |
00000cam a2200000 a 4500 |
| 001 |
in00001051921 |
| 005 |
20150929083056.0 |
| 008 |
910808s1991 enk 001 0 eng d |
| 020 |
|
|
|a 0852952376 (pbk.)
|
| 035 |
|
|
|a (OCoLC)24200748
|
| 035 |
|
|
|9 AFJ8758AM
|
| 040 |
|
|
|a ESU
|c ESU
|d TXA
|d UtOrBLW
|
| 049 |
|
|
|a TXAM
|
| 090 |
|
|
|a TP155
|b .S16 1991
|
| 092 |
|
|
|a 660.2804
|b SAF
|
| 245 |
0 |
0 |
|a Safety in chemical engineering research and development :
|b a guide to safe practices in laboratories and pilot plants.
|
| 264 |
|
1 |
|a Rugby, Warwickshire [England] :
|b Institution of Chemical Engineers :
|c [1991]
|
| 264 |
|
2 |
|a New York :
|b Distributed exclusively in the USA and Canada by VCH Publishers,
|
| 264 |
|
4 |
|c ©1991
|
| 300 |
|
|
|a xii, 226 pages ;
|c 21 cm.
|
| 336 |
|
|
|a text
|b txt
|2 rdacontent
|
| 337 |
|
|
|a unmediated
|b n
|2 rdamedia
|
| 338 |
|
|
|a volume
|b nc
|2 rdacarrier
|
| 504 |
|
|
|a Includes bibliographic references and index.
|
| 650 |
|
0 |
|a Chemical engineering
|x Safety measures.
|
| 650 |
|
0 |
|a Chemical engineering laboratories
|x Safety measures.
|
| 650 |
|
0 |
|a Chemical engineering
|x Research.
|
| 699 |
|
1 |
|a 660.2804
|
| 710 |
2 |
|
|a Institution of Chemical Engineers (Great Britain)
|
| 999 |
|
|
|a MARS
|
| 999 |
f |
f |
|s 16394a66-330e-39dc-a750-3a9c65a4105b
|i 67da05c8-ef73-37ba-8994-5a6f675bdb29
|t 0
|
| 952 |
f |
f |
|p normal
|a Texas A&M University
|b College Station
|c Sterling C. Evans Library
|d Evans: Library Stacks
|t 0
|e TP155 .S16 1991
|h Library of Congress classification
|i unmediated -- volume
|m A14816044158
|
| 998 |
f |
f |
|a TP155 .S16 1991
|t 0
|l Evans: Library Stacks
|